Normal view
MARC view
Entry Personal Name
001 - CONTROL NUMBER
- control field: 1239664
003 - CONTROL NUMBER IDENTIFIER
- control field: OSt
005 - DATE AND TIME OF LATEST TRANSACTION
- control field: 20260514122605.0
008 - FIXED-LENGTH DATA ELEMENTS
- fixed length control field: 260514|| aca||aabn | a|a d
040 ## - CATALOGING SOURCE
- Original cataloging agency: OSt
- Transcribing agency: OSt
100 ## - HEADING--PERSONAL NAME
- Personal name: Dr.Monisha Choudhury
670 ## - SOURCE DATA FOUND
- Source citation: Work cat.: (OSt)1851523: Dr.Pallavi Prakhar 1239663, Comparison of Flow Cytometric Analysis of Cytological Specimens with Cell Block/Tissue Biopsy Immunosistochemistry in Hematolymphoid Neoplasms.
